| 000 | 00927nam a22003017a 4500 | ||
|---|---|---|---|
| 001 | 7051 | ||
| 003 | FISKH | ||
| 005 | 20250619125228.0 | ||
| 008 | 250619b cb ||||| |||| 00| 0 eng d | ||
| 020 | _a9780590132053 | ||
| 040 |
_aFISKH _beng _cFISKH _dFISKH |
||
| 050 | _aPZ7.D1515 M | ||
| 082 | _a 823.914 | ||
| 100 |
_aDahl, Roald _d(1916–1990) |
||
| 245 |
_aThe magic finger / _cRoald Dahl ; Illustrated by Quentin Blake |
||
| 250 | _aThis edition first published in 1999 | ||
| 260 |
_aNew York : _bScholastic, _c1964 |
||
| 300 |
_a60 pages : _billustrations ; _c20 cm |
||
| 505 | _aJ | ||
| 520 | _aAngered by a neighboring family's sport hunting, an eight-year-old girl turns her magic finger on them. | ||
| 521 | 8 |
_a450
_bLexile |
|
| 521 | 8 |
_aJ
_bRaz-Plus |
|
| 650 |
_2Children _aMagic |
||
| 650 |
_2Fiction _aHumor |
||
| 700 |
_aBlake, Quentin _dillustrator |
||
| 942 |
_2ddc _cBK _n0 |
||
| 999 |
_c7051 _d7051 |
||